The Utilization of Social Media in Slovak Enterprises

Gespeichert in:
Bibliographische Detailangaben
1. Verfasser: Beláňová, Benita, 1973-
Weitere Verfasser: Hamranová, Anna, 1957-
Format: Buchkapitel
Sprache:Englisch
Schlagworte:
Tags: Tag hinzufügen
Keine Tags, Fügen Sie das erste Tag hinzu!

MARC

LEADER 00000naa$a2200000$$$4500
001 0314377
005 20260128081047.1
041 0 |a eng 
044 |a SK 
245 1 0 |a The Utilization of Social Media in Slovak Enterprises  |c Benita Beláňová, Anna Hamranová 
610 2 0 |a ekonómia 
610 2 0 |a manažment 
610 2 0 |a podnikanie 
610 2 0 |a digitalizácia 
610 2 0 |a financie 
100 1 |a Beláňová, Benita, 1973- 
700 1 |a Hamranová, Anna, 1957-